| 000 | 00403 a2200145 4500 | ||
|---|---|---|---|
| 001 | 88252 | ||
| 082 | _aPR 477 | ||
| 090 |
_c41666 _d41666 |
||
| 100 | _aHaider Ali | ||
| 245 |
_aTransient Heat Conductin through a Rod by using Different explicit schemes of "CFD" _cShakil Ahmed Sheikh _pCAEG-52 (A) |
||
| 250 | _a1st | ||
| 260 |
_aRisalpur _bNUST _c2000 |
||
| 300 | _a114p | ||
| 500 | _aBE Project Reports | ||
| 942 |
_aCAE NUST _kPR 477 |
||
| 999 |
_c323325 _d323325 |
||